01280nam a2200265 i 4500003000900000005001700009007000300026008004100029040003000070041000800100082002300108100003800131245008100169264004300250300004500293336002700338337003400365338002800399505037500427590002600802910000700828942001400835952014800849999001700997DO-SdBNP20260204080701.0ta260204s1992 dr o 000 0 spa d aDO-SdBNPbspacBNPHUerda aspa a631.585bS161g222 aSalazar M., Gustavoeautor91176510aGuía práctica de cultivos hidropónicos populares /cGustavo Salazar M. 1aSanto Domingo :bEditora Tele-3,c1992 a100 páginas :bilustraciones ;c23 cm. 2rdacontentatextobtxt 2rdamediaasin mediación bn 2rdacarrieravolumenbnc aGeneralidades 16 -- Condiciones necesarias para el desarrollo de las plantas 24 -- Luz 25 -- Agua 27 -- Aspectos climáticos 30 -- Los sustratos 30 -- El nutriente y el riego de los cultivos 38 -- Recipientes de cultivo 44 -- Semillas, semilleros y trasplante 54 -- Plagas y enfermedades en los hidrocultivos caseros 66 -- Periodo vegetativo, recolección y cosecha 80 aInventariado, 2026/DG aDG 2ddccLBS1 00102ddc51708PDaBNPHUbBNPHUcCTd2026-02-04eDonaciónl0oBNPHU PD 631.585 S161gp2026-0686r2026-02-04w2026-02-04yLBS1zAida Heredia c60204d60204